Evénements du 4 septembre - Statistiques

Statistiques générales
  • Ce quiz a été pris 23 fois
  • Le résultat moyen est 9 sur 15
Statistiques - réponses
Hint Réponse % Correct
Déposition de Romulus Augustule dernier empereur d'Occident 476
90%
Naissance de Beyoncé 1981
80%
Canonisation de Mère Teresa 2016
75%
Proclamation de la 3e République en France 1870
65%
Naissance de Yann Queffélec 1949
65%
Naissance de Lou Doillon 1982
60%
Mort de Léopoldine Hugo 1843
55%
Naissance du réalisateur Cédric Klapisch 1961
55%
Naissance du dauphin, fils ainé de Louis XV 1729
50%
James Cook découvre la Nouvelle-Calédonie 1774
50%
Mort de Robert Schuman 1963
50%
Reddition de Géronimo 1886
45%
Naissance de François-René de Chateaubriand 1768
40%
Naissance du réalisateur Christian-Jaque 1904
40%
Fondation de Los Angeles 1781
35%
Aucun quiz correspondant
Distribution des résultats
% des personnes avec chaque résultat
Percentile par nombre de réponses
Votre historique - résultats
Vous n’avez pas pris ce quiz